000 00685nam a2200181Ia 4500
008 100920s9999 xx 000 0 und d
082 _b100110
_a891.43 न 04
100 _aबन्धु माणक तिवाडी.
245 _aभारतीय संविधान कथ्यतत्थ.
260 _bकलासन प्रकाशन बीकानेर.
_c2004
300 _a88
_bसाधी
365 _b100
520 _aहिंदी.
630 _aभारतीय संविधान कथ्यतत्थ.
650 _aहिंदी.
730 _aभारतीय संविधान कथ्यतत्थ.
942 _cBOOK
999 _c740548
_d740545